000 00354nam a2200169Ia 4500
100 _aMittle/V.N/ Mittle/Arvind
650 _aElectrical Engineering
250 _a2
942 _cBK
366 _f22
245 _aBasic Electrical Engineering
260 _bMcGraw Hill
_c2006
082 _bMIT
300 _a828
546 _aENGLISH
999 _c25710
_d25710